| 000 | 00653nam a22001937a 4500 | ||
|---|---|---|---|
| 005 | 20140808162859.0 | ||
| 010 | _aB-506315-317 | ||
| 020 |
_a9789331318695 _c1495.00 |
||
| 035 | _aB-506315-317 | ||
| 037 |
_adpl _bKBD/Ven |
||
| 082 | _a363.7 | ||
| 100 | _aKaul, S.N. | ||
| 245 |
_aEnvironmental Science / _cby S.N.Kaul ...[et..al] |
||
| 260 |
_aNew Delhi _bAPH Publishing Corporation _c2013 |
||
| 270 |
_a4435-36/7, Ansari Road, Darya Ganj _bNew Delhi _e110002 |
||
| 300 |
_a424p.: _bill. _c20cm(Hb) |
||
| 942 |
_2ddc _cEN _h363.7 _mKAU |
||
| 999 |
_c87748 _d87748 |
||